000 00512nam a22001937a 4500
003 CEME
005 20210628201809.0
008 210216b xxu||||| |||| 00| 0 eng d
020 _a0-06-041049-3
040 _c.
082 _a621.4021 BUR
100 _aBurghardt, M David Harbach, James A
_956876
245 _aEngineering thermodynamics
250 _a4TH
260 _aNEW YORK
_bHARPER COLLINS
_c1993
300 _a880P
650 _aTHERMODYNAMICS.ENGINEERING THERMODYNAMICS
_956877
942 _cBK
_2ddc
999 _c567205
_d567205